ARRUPE JESUIT UNIVERSITY

CORONAVIRUS -STOP THE SPREAD - CLEAN,DISINFECT,COVER

Marching on Tanga (with General Smuts in East Africa) (Record no. 120291)

MARC details
000 -LEADER
fixed length control field 00807cam a2200229u 4500
001 - CONTROL NUMBER
control field 6843841
003 - CONTROL NUMBER IDENTIFIER
control field ARRUPE
005 - DATE AND TIME OF LATEST TRANSACTION
control field 20140326165632.0
008 - FIXED-LENGTH DATA ELEMENTS--GENERAL INFORMATION
fixed length control field 821208s1917 enkbf 000 0 eng
010 ## - LIBRARY OF CONGRESS CONTROL NUMBER
LC control number 18026264
040 ## - CATALOGING SOURCE
Original cataloging agency DLC
Transcribing agency CarP
Modifying agency DLC
043 ## - GEOGRAPHIC AREA CODE
Geographic area code e-uk-en
-- f------
050 00 - LIBRARY OF CONGRESS CALL NUMBER
Classification number D576.G3
Item number Y7
300 ## - PHYSICAL DESCRIPTION
Other physical details incl. front. plates, fold. map.
Dimensions 20 cm.
100 1# - MAIN ENTRY--PERSONAL NAME
Personal name Young, Francis Brett,
Dates associated with a name 1884-1954.
9 (RLIN) 9468
245 10 - TITLE STATEMENT
Title Marching on Tanga (with General Smuts in East Africa)
260 ## - PUBLICATION, DISTRIBUTION, ETC. (IMPRINT)
Place of publication, distribution, etc London [etc.]
Name of publisher, distributor, etc W. Collins sons & co. ltd.
Date of publication, distribution, etc [c1917]
300 ## - PHYSICAL DESCRIPTION
Extent xi, [1], 264, [2] p.
650 #0 - SUBJECT ADDED ENTRY--TOPICAL TERM
Topical term or geographic name as entry element World War, 1914-1918
Form subdivision Personal narratives, British.
9 (RLIN) 9469
650 #0 - SUBJECT ADDED ENTRY--TOPICAL TERM
Topical term or geographic name as entry element World War, 1914-1918
General subdivision Campaigns
Geographic subdivision German East Africa.
9 (RLIN) 9470
906 ## - LOCAL DATA ELEMENT F, LDF (RLIN)
a 0
b cbc
c premunv
d u
e ncip
f 19
g y-gencatlg
942 ## - ADDED ENTRY ELEMENTS (KOHA)
Source of classification or shelving scheme Library of Congress Classification
Koha item type REFERENCE
Holdings
Withdrawn status Lost status Source of classification or shelving scheme Damaged status Not for loan Collection code Home library Current library Shelving location Date acquired Total Checkouts Full call number Barcode Date last seen Price effective from Koha item type
    Library of Congress Classification     SPECIAL Collection ARRUPE LIBRARY ARRUPE LIBRARY Main Collection 26/03/2014   SPC D576.G3 Y7 46500001859 05/07/2018 26/03/2014 REFERENCE

 

Arrupe Library. PO Box MP320 Mt Pleasant, Harare, Zimbabwe
263 242 745411|librarian@aju.ac.zw